| 000 | 01996nam a22003137a 4500 | ||
|---|---|---|---|
| 001 | 8551 | ||
| 003 | FISKH | ||
| 005 | 20251128101504.0 | ||
| 008 | 250929b cb ||||| |||| 00| 0 eng d | ||
| 020 | _a9789995084813 | ||
| 040 |
_aFISKH _bkhr _cFISKH _dFISKH |
||
| 050 | _aPZ7 | ||
| 082 | _a590 | ||
| 100 | _aSotheary, Kimsun | ||
| 245 |
_aសត្វតាវ៉ៅ : _bCuckoo / _cនិពន្ធដោយ អ្នកស្រី គឹមស៊ុន សុធារី , ពិនិត្យនិងកែអក្ខរាវិរុទ្ធដោយ លោក វ៉ាន់ សុភ័ក្រ្ត និង កញ្ញា ហេង ចរិយា |
||
| 260 |
_aPhnom Penh : _bReading Books , _c2006 . |
||
| 300 |
_a24 pages : _bcolor illustrations ; _c25 cm . |
||
| 490 | _aពិភពរឿងនិទាន | ||
| 505 | _aK | ||
| 520 | _aមានបងប្អូនកំព្រាពីរនាក់ ដែលបងប្រុសជីកដំឡូងផ្អែមដើម្បីជីវភាព។ មួយថ្ងៃ បងប្រុសទៅជីកដំឡូងហើយក៏បានធ្លាក់រណ្តៅស្លាប់។ ប្អូនស្រីតូចបានស្វែងរកបងពីព្រៃមួយទៅព្រៃមួយ រហូតនាងស្លាប់ ហើយបានកើតជាសត្វតាវ៉ៅ ។ | ||
| 520 | _aThere were two orphan sibling, where the brother dig up sweet potatoes for living. One day, the brother fell in the ground and died; his little sister kept searching for him from woods to woods and passed away and was reborn as a cockoo. . | ||
| 521 | 8 |
_a510
_bLexile estimate |
|
| 521 | 8 |
_aK
_bRaz-Plus |
|
| 650 |
_aសត្វតាវ៉ៅ _vរឿងនិទានកុមារ |
||
| 650 |
_aCuckoo _vChildren's stories |
||
| 700 |
_aLyda, Moeuk _eIllustrator |
||
| 942 |
_2ddc _cKHB _n0 |
||
| 999 |
_c8551 _d8551 |
||